تحریک آزادی اور الہلال / (Record no. 20197)

MARC details
000 -LEADER
fixed length control field 00715nam a22002297a 4500
005 - DATE AND TIME OF LATEST TRANSACTION
control field 20200214120529.0
010 ## - LCCN (DPL NO)
LC control number B-283749 , UR-7532
020 ## - INTERNATIONAL STANDARD BOOK NUMBER
International Standard Book Number 8182233933
Terms of availability 200.00
035 ## - SYSTEM CONTROL NUMBER
System control number B-283749
035 ## - SYSTEM CONTROL NUMBER
System control number U-6087
037 ## - SOURCE OF ACQUISITION
Source of stock number/acquisition BPPD/Pub.
082 ## - DEWEY DECIMAL CLASSIFICATION NUMBER
Classification number 954.0841
100 ## - MAIN ENTRY--PERSONAL NAME
Personal name شفیع ایوب
245 ## - TITLE STATEMENT
Title تحریک آزادی اور الہلال /
Statement of responsibility, etc شفیع ایوب
246 ## - VARYING FORM OF TITLE
Title proper/short title Tehrik-E-Azadi Aur Al-Hilal /
Remainder of title by Shafi Ayub
260 ## - PUBLICATION, DISTRIBUTION, ETC. (IMPRINT)
Place of publication, distribution, etc Delhi
Name of publisher, distributor, etc Educational Publishing House
Date of publication, distribution, etc 2008 ء
270 ## - ADDRESS
Address 3108, Vakil Street, Kucha Pandit, Lal Kuan
City Delhi
Postal code 110006
300 ## - PHYSICAL DESCRIPTION
Extent 247p.
Dimensions 23cm(Hb)
650 ## - SUBJECT ADDED ENTRY--TOPICAL TERM
Topical term or geographic name as entry element Indian History
650 ## - SUBJECT ADDED ENTRY--TOPICAL TERM
Topical term or geographic name as entry element تارخ
942 ## - ADDED ENTRY ELEMENTS (KOHA)
Source of classification or shelving scheme Dewey Decimal Classification
Item type Urdu Bks
Classification part 954.0841
Call number suffix ش ف ی
Holdings
Withdrawn status Lost status Not for loan Collection code Home library Current library Date acquired Source of acquisition Cost, normal purchase price Full call number Barcode Copy number Cost, replacement price Koha item type
      Non-fiction Central Library Central Library 23/12/2008 BPPD/Ven. 200.00 954.0841 ش ف ی B-283749 1 200.00 Urdu Bks
    Not For Loan Fiction D.B.Act.Division D.B.Act.Division 31/08/2009 DBAD / PUB 200.00 954.0841 ش ف ی U-6087 1 200.00 Urdu Bks

© Delhi Public Library
Hit Counter
free hit counter